| 000 | 00558nam a2200193 a 4500 | ||
|---|---|---|---|
| 005 | 20140412111246.0 | ||
| 008 | 001111s19uu xx 00 eng d | ||
| 050 |
_aTR(GS 428.4 _bJo698Cl 2007 |
||
| 100 | _aJones, Faye | ||
| 245 | _aClever ant and the clever dove (The0. | ||
| 260 |
_aKuala Lumpur : _bScholar's Publication, _c2007. |
||
| 300 | _a15p | ||
| 440 | _aLearn to read series | ||
| 520 | _aValue: One good deed deserves another. | ||
| 526 | _cPS | ||
| 650 |
_aReading -- _xfables. |
||
| 650 |
_aReading- _xfables- _xfiction. |
||
| 999 |
_c102922 _d102922 |
||